| 000 | 00759nam a22002177a 4500 | ||
|---|---|---|---|
| 999 |
_c10675 _d10675 |
||
| 003 | AR-CdUCM | ||
| 008 | 190401b ||||| |||| 00| 0 spa d | ||
| 040 |
_aMUNICIPALIDAD PROVINCIAL DEL CUSCO _cBIBLIOTECA MUNICIPAL DEL CUSCO |
||
| 041 | _hpor | ||
| 082 |
_a980.06 / _bP45 / 1935 |
||
| 100 |
_aPereira, Baptista _927651 |
||
| 245 | _aCivilización contra barbarie / | ||
| 260 |
_aLa Paz : _bArnó Hnos, _c1935. |
||
| 300 |
_a216 páginas ; _c18 cm. |
||
| 505 | _aContenido: El imperio y el rió de la plata -- La propaganda antibrasileña -- El emperador esclavista -- Loa tres déspotas ... | ||
| 650 |
_aCivilización _91048 |
||
| 650 |
_aBarbarie _927652 |
||
| 700 |
_aTeran Gómez, Luis (traducción) _927653 |
||
| 942 |
_2ddc _cLIBROS |
||
| 945 | _aacv | ||